00508nam a2200145Ia 4500008004100000024005600041082001700097100006500114110004500179245004100224260002600265600002100291650003300312999001700345260210s9999 xx 000 0 und d a18B-005-CS, 18B-086-CS, 18B-105-CS & 18B-112-CS a004.1072 IQB aQurat ul Ain Iqbal, Nadia, Umm E Hani & Muaaz Bin Salman aFatima Shakeel & Shahrooz Shamim 0a3-Dimenstional Virtual shopping mart aKarachi:bUITU,c2018 aComputer Science aBachelor of Engineering (BE) c32495d32495